000 00706naa a2200205 a 4500
001 80452
003 BD-RjUL
005 20221010113805.0
008 220928s1987 ii ||||| |||| 00| 0 urd d
035 _a(BD-RjUL)80452
040 _aBD-RjUL
_beng
_cBD-RjUL
041 _aurd
082 _223
_a891.43909
_bGIU 1987
100 _aگیان چند = Gian Chand
_95047
245 1 0 _aاردو کی نثری داستانیں = Urdu Ki Nasri Daastanein /
_b گیان چند = Gian Chand
260 _aلکہنو : Lakhnui :
_bاتر پردیش اردو اکادمی , Uttar Pradesh Urdu Academy
_c1987
300 _a920 p. ;
_c21 cm
650 _aUrdu Literature
_vhistory & Criticism
_9219
942 _2ddc
_cBK
999 _c80452
_d80452